000
00313nam a22001337a 4500
008
170329b xxu||||| |||| 00| 0 eng d
020
_a
0443015835
041
_a
eng
080
_a
616-053.2
100
_a
8
101
_a
SHM
245
_a
PEDIATRIC PROBLEMS IN TROPICAL COUNTRIES
_c
ROBINSON.M.J
942
_2
udc
_c
BK
999
_c
8977
_d
8977